000 00546cam a22001457a 4500
008 180718b2004 xxu||||| |||| 00| 0 eng d
082 _aA81x54 01/02TH
100 _aCensus of India 2001
245 _aJammu and Kashmir: tables on houses, household amenities and assets
260 _aDelhi
_bThe Controller of Publications
_c2004
300 _a702p.
440 _aCensus of India 2001. Series-2, Jammu and Kashmir
500 _aContents: Tables on houses, household amenities and assets
650 _aHousehold surveys - India - Jammu and Kashmir
999 _c490776
_d490776